[Event "Brasilia Region"]
[Site "Brasilia"]
[Date "2013.09.13"]
[Round "1.5"]
[White "Franca, Jean Matheus Pereir"]
[Black "Abrantes, Tiago Garrido"]
[Result "0-1"]
[WhiteElo "1800"]
[BlackElo "2152"]
[PlyCount "58"]
[EventDate "2013.09.13"]
[EventType "swiss"]
[EventRounds "5"]
[EventCountry "BRA"]
[SourceTitle "EXT 2022"]
[Source "ChessBase"]
[SourceDate "2021.10.06"]
[SourceVersion "1"]
[SourceVersionDate "2021.10.06"]
[SourceQuality "1"]

1. d4 Nf6 2. Nf3 g6 3. Bf4 Bg7 4. e3 d6 5. Bc4 0-0 6. Nbd2 Nbd7 7. c3 Qe8 8. Qb3 e5 9. Bg3 e4 10. Ng5 h6 11. Nh3 Nb6 12. Nf4 Nxc4 13. Qxc4 c6 14. f3 exf3 15. Nxf3 g5 16. Nh3 g4 17. Bxd6 Qxe3+ 18. Qe2 Qxe2+ 19. Kxe2 Re8+ 20. Kd2 Ne4+ 21. Kc2 Nxd6 22. Rhf1 Re2+ 23. Nd2 gxh3 24. gxh3 Nc4 25. Kd3 Rxd2+ 26. Kxc4 Be6+ 27. Kb4 a5+ 28. Ka3 Bf8+ 29. b4 axb4# 0-1